000 01220nam a2200289 i 4500
003 EG-GICUC
005 20260121101223.0
008 251116s1985 ua d|||fr|||| 00| 0 ara d
040 _a EG-GICUC
_bara
_c EG-GICUC
_d EG-GICUC
_erda
041 0 _aara
082 0 4 _221
_a338.46
_bح س . ح
092 0 4 _221
099 _aLaw1 13 338.46 ح س . ح 1985
100 0 _aحسين نجم الدين
_eمؤلف.
245 1 2 _aالحاجات الأساسية كحق من الحقوق الإقتصادية للإنسان فى بلدان العالم الثالث /
_cدكتور حسين نجم الدين.
264 1 _aالقاهرة :
_bالحق والعروبة،
_c1985.
300 _a77 صفحة :
_bجداول؛
_c24 سم.
336 _2rda content
_atext
337 _2rda media
_aComputer
338 _2rda carrier
_aOnline Resource
500 _aندوة أوضاع حقوق الإنسان فى الوطن العربى القاهرة 17- 19 مايو (أيار) 1985
546 _aالنص باللغة العربية
650 1 4 _aالمالية العامة والتشريع الضريبى
856 4 0 _uhttps://fll.law.cu.edu.eg/fulltext/bks/B13-06805.pdf
905 _a77
_eHassnaa
942 _2ddc
_cBK
_e21
_n0
999 _c43359
_d43359